[Event "Madrid Los Angeles op 10th"]
[Site "Madrid"]
[Date "2016.05.29"]
[Round "8"]
[White "Cano Nieto, Jose Luis"]
[Black "Lopez Suarez, Augusto"]
[Result "1-0"]
[WhiteElo "1537"]
[BlackElo "1560"]
[PlyCount "90"]
[EventDate "2016.04.03"]
[EventType "swiss"]
[EventRounds "9"]
[EventCountry "ESP"]
[SourceTitle "CBM 172 Extra"]
[Source "ChessBase"]
[SourceDate "2016.06.21"]
[SourceVersion "1"]
[SourceVersionDate "2016.06.21"]
[SourceQuality "1"]

1. d4 d5 2. Bf4 Nf6 3. e3 Bf5 4. Bd3 Bxd3 5. cxd3 e6 6. Nf3 Nbd7 7. 0-0 c5 8. dxc5 Bxc5 9. Nc3 0-0 10. d4 Bb6 11. h3 Bc7 12. Ne5 a6 13. Rc1 Ne8 14. a3 b5 15. Nc6 Qf6 16. Bxc7 Nxc7 17. Nb4 Rfc8 18. Nd3 Ne8 19. Nf4 Qd8 20. Re1 Nef6 21. e4 dxe4 22. Nxe4 Nxe4 23. Rxe4 Nf6 24. Re2 Rxc1 25. Qxc1 Qxd4 26. Rd2 Qb6 27. Qd1 h6 28. Qf3 Rd8 29. Rxd8+ Qxd8 30. Qe2 Qd4 31. Nd3 Qc4 32. Qd1 Nd5 33. Ne5 Qc7 34. Nd3 a5 35. Qd2 a4 36. g3 Kf8 37. Nb4 Qc4 38. Nd3 Kg8 39. Ne5 Qc7 40. Nd3 Kh8 41. Qe2 Kg8 42. Qd2 f6 43. Qe2 e5 44. Qe4 Qc4 45. Qf5 Kf7 1-0

[Event "Madrid Los Angeles op 10th"]
[Site "Madrid"]
[Date "2016.05.08"]
[Round "5"]
[White "Martin Garcia, Francisco Javier"]
[Black "Lopez Suarez, Augusto"]
[Result "1-0"]
[WhiteElo "1617"]
[BlackElo "1560"]
[PlyCount "41"]
[EventDate "2016.04.03"]
[EventType "swiss"]
[EventRounds "9"]
[EventCountry "ESP"]
[SourceTitle "CBM 172 Extra"]
[Source "ChessBase"]
[SourceDate "2016.06.21"]
[SourceVersion "1"]
[SourceVersionDate "2016.06.21"]
[SourceQuality "1"]

1. e4 g6 2. d4 Bg7 3. Nc3 d6 4. Be3 Nf6 5. f3 c6 6. Qd2 0-0 7. Bh6 Nbd7 8. h4 e5 9. Nge2 Re8 10. Bxg7 Kxg7 11. h5 Rh8 12. g4 exd4 13. Nxd4 Ne5 14. Be2 h6 15. hxg6 fxg6 16. 0-0-0 g5 17. Nf5+ Bxf5 18. exf5 d5 19. Qd4 Qe7 20. f4 c5 21. Qxe5 1-0